Artistas plásticos en Colombia (Registro nro. 319670)

Detalles MARC
000 -ENCABEZADO
Número de control [NR] 00695nam a22001937a 4500
005 - FECHA Y HORA DE LA ÚLTIMA TRANSACCIÓN
control field 20210916104612.0
008 - DE LONGITUD FIJA DE DATOS DE ELEMENTOS - INFORMACIÓN GENERAL
Elementos de longitud fija [NR] 210910s1982 ck a|||gr|||| 00| 0 spa d
040 ## - FUENTE DE CATALOGACION [NR]
Agencia de catalogación original [NR] CO-BoUCM
Idioma de catalogación [NR] spa
Quien Cataloga Deissy Garcia
Quien Clasifica Deissy Garcia
041 ## - CODIGO DE IDIOMA [R]
Código de idioma para texto/pista de sonido o título separado [R] Español
100 1# - ASIENTO PRINCIPAL--NOMBRE PERSONAL [NR]
Nombre personal [NR] Rivero, Mario
ID Autoridad 105813
245 10 - MENCION DE TITULO [NR]
Título [NR] Artistas plásticos en Colombia
Parte restante del título [NR] los de ayer y los de hoy
Mención de responsabilidad, etc. [NR] Mario Rivero
260 ## - PUBLICACION, DISTRIBUCION, ETC. (PIE DE IMPRENTA) [R]
Lugar de publicación, distribución, etc. [R] Bogotá
Nombre del editor, distribuidor, etc. [R] Stamato
Fecha de publicación, distribución, etc. [R] 1982
300 ## - DESCRIPCION FISICA [R]
Extensión [R] 399 páginas
Otros detalles físicos [NR] ilustraciones
504 ## - NOTA DE BIBLIOGRAFIA, ETC. [R]
Nota de bibliografía, etc. [NR] Incluye referencias bibliográficas
650 #7 - ASIENTO SECUNDARIO DE MATERIA - TERMINO TEMATICO [R]
Término temático o nombre geográfico como elemento de entrada [NR] Pintores colombianos
Subdivisión general [R] Biografías
9 (RLIN) 105968
650 #7 - ASIENTO SECUNDARIO DE MATERIA - TERMINO TEMATICO [R]
Término temático o nombre geográfico como elemento de entrada [NR] Arte colombiano
Subdivisión general [R] Historia
9 (RLIN) 48116
942 ## - ELEMENTOS DE ENTRADA AGREGADOS (KOHA)
Sistema de clasificación DEWEY
Tema principal Arte
Tipo de ítem principal el descrito en 300a Libro
Edición 1
Clasificación 759.9861
Parte restante de la signatura top. R621a
Título oculto en OPAC No
Existencias
Signatura topográfica Código de barras Última vez visto Ejemplar Costo de reposición Price effective from Tipo de ítem Nota pública (OPAC) Perdido Sistema de clasificación Dañado No prestable Tipo de ítem específico Suprimido Ubicación habitual Ubicación actual Localización Fecha de creación Forma de adquisición Costo
759.9861 R621a 100168052 05/12/2025 Ej.1 26000.00 10/09/2021 Libro Spot Artes Visuales   DEWEY     Libro   Claustro Claustro Mezanine 10/09/2021 Donación 0.00